00359nam a22001337a 4500003000400000008004100004082001700045100002000062245005800082260003200140300000900172502001500181650002900196OSt260428b |||||||| |||| 00| 0 eng d a634.44bR20V aKumar, Ratnakar aVegetative Propagation of Mango (Mangifera Indica L.) aPusa, SamastipurbRAUc1993 a78P. bMsc.d1993 aFruit & Fruit Technology